Sports Quiz

Random Sports Quiz

NASCAR- Kevin Harvick Win #6 Results Quiz Stats

 Plays Quiz not verified by Sporcle

Score 0/43 Timer 10:00
0 Plays Today
Position Driver % Correct
1Kevin Harvick
93.8%
10Jeff Gordon
93.8%
41Robby Gordon
93.8%
2Tony Stewart
90.6%
3Matt Kenseth
90.6%
5Clint Bowyer
90.6%
6Kasey Kahne
90.6%
7Jimmie Johnson
90.6%
8Bobby Labonte
90.6%
11Mark Martin
90.6%
13Brian Vickers
90.6%
14Jamie McMurray
90.6%
15Greg Biffle
90.6%
19Dale Jarrett
90.6%
20Casey Mears
90.6%
22Martin Truex, Jr.
90.6%
23Dale Earnhardt, Jr.
90.6%
24Kurt Busch
90.6%
34Denny Hamlin
90.6%
36Kyle Busch
90.6%
4Carl Edwards
87.5%
9Jeff Burton
87.5%
Position Driver % Correct
12Sterling Marlin
87.5%
16Ken Schrader
87.5%
31Kyle Petty
87.5%
38Scott Riggs
87.5%
39Ryan Newman
87.5%
42Michael Waltrip
87.5%
26Jeremy Mayfield
84.4%
27Dave Blaney
84.4%
28JJ Yeley
84.4%
37Elliott Sadler
84.4%
40Reed Sorenson
81.3%
17Tony Raines
78.1%
18Jeff Green
78.1%
35Joe Nemechek
78.1%
29David Stremme
71.9%
25Kenny Wallace
65.6%
30Scott Wimmer
59.4%
21Travis Kvapil
50%
43Brandon Ash
37.5%
32Brent Sherman
31.3%
33Stanton Barrett
21.9%

You're not logged in!

Compare scores with friends on all Sporcle quizzes.
OR
Log In

Show Comments

Extras

Top Quizzes Today


Score Distribution

Your Account Isn't Verified!

In order to create a playlist on Sporcle, you need to verify the email address you used during registration. Go to your Sporcle Settings to finish the process.

Report this User

Report this user for behavior that violates our Community Guidelines.

Details: